| 000 | 01223nam a22002057a 4500 | ||
|---|---|---|---|
| 003 | JO-AjAnu | ||
| 005 | 20240604114719.0 | ||
| 008 | 240406b jo ||||| |||| 00| 0 ara d | ||
| 040 |
_aJO-AjAnu _cJO-AjAnu |
||
| 041 | 0 | _aara | |
| 050 | _aHG4028.2023 | ||
| 100 | 1 |
_aالزغول ، وائلة مصطفى محمود _965289 _eمعد |
|
| 245 | 0 |
_aأثر تكاليف جودة المنتج في تحسين الأداء المالي في شركات الأدوية الأردنية : الميزة التنافسية كمتغير معدل = The Effect of Product Quality Costs in Improving the Financial Performance of Jordanian Pharmaceutical Companies : Cometitive Advantage as A Moderating Variable / _cاعداد وائله مصطفى محمود الزغول ؛ إشراف تيسير علي خلف المومني |
|
| 260 | _c2023 | ||
| 300 | _a109ورقة | ||
| 500 | _a رسالة جامعية (ماجستير) .- جامعة عجلون الوطنية (عجلون، الأردن)، كلية الاعمال ، تخصص المحاسبة، 2023 | ||
| 650 | 7 | 0 |
_aشركات الادوية - مالية - الاردن _965292 |
| 700 | 1 |
_aالمومني، تيسير علي خلف _965294 _eمشرف |
|
| 942 |
_2lcc _cTHS _n0 |
||
| 999 |
_c33421 _d33421 |
||